000 01515nam0a22002891 4500
001 rc\4178082
005 20260408084314.0
021 _aRU
_b[48-10051]
035 _a(NLR Aleph) 008188329
090 _a7959400
_c7959400
100 _a20130415d1948 |||y0rusy50 ca
101 0 _arus
102 _aRU
105 _ay z |||||
200 1 _aСмета к Альбому проектов одноэтажных жилых домов (108-1, 108-2, 108-3, 108-4)
_fСост. Гос. архитектурными мастерскими
_gГлав. упр. по проектированию жилых зданий Ком. по делам архитектуры при Совете министров СССР
210 _aМосква
_cГос. архитектурное изд-во
_d1948
_gСтеклогр. МПС
215 _a66 с.
_d27
300 _aНа обл. загл.: Сметы к Альбому проектов №№ 108-1, 108-2, 108-3, 108-4
300 _aСтеклогр. изд.
512 0 _aСметы к Альбому проектов №№ 108-1, 108-2, 108-3, 108-4
606 _aЖилые здания, малоэтажные
_jПроекты и чертежи
_2psbo
712 0 1 _aСССР
_bГлавное управление по типовому проектированию и массовому строительству
_3RU\NLR\AUTH\8810187915
_9868813
801 0 _aRU
_bNLR
_gpsbo
801 1 _aRU
_bELAR
_2rusmarc
852 _aNLR
_jТ80 Г-8/764
942 _cBOOK
980 _aNB